Statistics for Thor: Ragnarok (2017) character screen time

Click here to take the quiz!

General Stats

  • This quiz has been taken 121 times
  • The average score is 11 of 19

Answer Stats

screen timeAnswer% Correct
58:45Thor
100%
12:30Hela
97%
13:30Loki
95%
17:15Dr. Bruce Banner
90%
14:15Valkyrie
88%
3:45Odin
85%
5:30The Grandmaster
79%
4:00Korg
76%
4:30Heimdall
72%
3:00Dr. Stephen Strange
61%
6:45Skurge
55%
3:00Surtur
46%
1:30Miek
41%
:15Fandral
35%
:15Volstagg
35%
1:00Hogun
31%
2:00Topaz
22%
:15Natasha Romanoff
15%
1:45Fenriswolf
4%

Score Distribution

Percentile by Number Answered

Percent of People with Each Score

Your Score History

You have not taken this quiz